Statistiques concernant kpop:une lettre un groupe de la 4eme génération

Cliquez ici pour prendre le quiz!

Statistiques générales

  • Ce quiz a été pris 533 fois
  • Le résultat moyen est 12 sur 24

Statistiques - réponses

HintRéponse% Correct
Aateez / aespa / AB9IX
93%
Iitzy / ive / iz*one
85%
Sstray kids / stayC / Secret Number
85%
Ttxt / treasure / the boyz / tempest / The rose/ tnx
85%
Eenhypen / everglow / epex / E'LAST
79%
Lle sserafim / loona / Lightsum / lapillus
79%
Nnmixx / new jeans / nature
79%
G(G)I-DLE / golden child / GWSN
64%
Ppurple kiss / P1Harmony / PIXY
54%
Ccravity / cherry bullet / CIX / Ciipher / CLASS:y
53%
XX1 / Xdinary Heroes / xikers
50%
Kkep1er / kingdom
49%
Ffromis_9 / forestella / FIFTY FIFTY
47%
Ooneus / Onewe / omega x
43%
Bblackswan / Billie / BAE173
39%
Wweeekly / WEi / Weki Meki / wayv
37%
Vviviz / Verivery
34%
Mmirae / MCND / mave
29%
Zzerobaseone
29%
Dd1ce / DKZ / DKB / drippin
14%
Jjust B
13%
Rrocket punch
12%
Hhot issue / H1-KEY
7%
Yyounite
5%

Distribution des résultats

Percentile par nombre de réponses

% des personnes avec chaque résultat

Votre développement - résultats

Vous n’avez pas pris ce quiz